LEADER 01210nam--2200409---450- 001 990000935700203316 005 20101005125905.0 010 $a88-220-0536-8 035 $a0093570 035 $aUSA010093570 035 $a(ALEPH)000093570USA01 035 $a0093570 100 $a20020131d36------km-y0itay0103----ba 101 $aita 102 $aIT 105 $a||||||||001yy 200 1 $aStoria della medicina$fJean-Charles Sournia$g[traduzione di Giusi Licinio] 210 $aBari$cDedalo$d36 215 $a407 p.$d22 cm 225 2 $aStoria e civiltà 312 $aHistoire de la medicina 410 $12001$aStoria e civiltà 454 1$12001$aHistoire de la medicina$947565 606 0 $aMedicina$xStoria 676 $a610.9 700 1$aSOURNIA,$bJean-Charles$0154466 801 0$aIT$bsalbc$gISBD 912 $a990000935700203316 951 $aIIr A COLL 23/36 (non disponibile)$b122334 LM$cIIr A COLL 959 $aBK 969 $aUMA 979 $aPATTY$b90$c20020131$lUSA01$h1721 979 $c20020403$lUSA01$h1736 979 $aPATRY$b90$c20040406$lUSA01$h1704 979 $aPATRY$b90$c20101005$lUSA01$h1259 996 $aHistoire de la medicina$947565 997 $aUNISA LEADER 01322nam0-22003491i-450 001 990004083570403321 005 20230324103416.0 010 $a3-11-010721-X 035 $a000408357 100 $a19990604d1988----km-y0itay50------ba 101 0 $agrc 102 $aDE 105 $a 001yy 200 1 $a<>frammenti dei grammatici Agathokles, Hellanikos, Ptolemaios Epithetes$ein appendice i grammatici Theophilos, Anaxagoras, Xenon$fFranco Montanari$gedited with an Introduction by David L. Blank$cPeri schematon$fLesbonax$c<>fragments of Comanus of Naucratis$fedited by Andrew R. Dyck 210 $aBerlin [etc.]$cWalter de Gruyter$d1988 215 $a266 p.$d23 cm 225 1 $aSammlung Griechischer und Lateinischer Grammatiker$v7 676 $a482 676 $a483 700 1$aMontanari,$bFranco$f<1950- >$035338 702 0$aAgathocles Samius$f 702 1$aBlank,$bDavid L. 702 0$aComanus$f<2. saec. a. C.> 702 0$aLesbonax$c 801 0$aIT$bUNINA$gRICA$2UNIMARC 901 $aBK 912 $a990004083570403321 952 $a483 SGLG 7$bBIBL.C.4906$fFLFBC 952 $a483 SGLG 7 BIS$bBIBL.C. 6256$fFLFBC 959 $aFLFBC 996 $aFrammenti dei grammatici Agathokles, Hellanikos, Ptolemaios Epithetes$9479843 997 $aUNINA